Statistics for Sam Rockwell Movies

Click here to take the quiz!

General Stats

  • This quiz has been taken 4 times
  • The average score is 6 of 15

Answer Stats

Release YearCostarsMovie% Correct
2017Frances McDormand, Woody HarrelsonThree Billboards Outside, Ebbing Missouri
100%
2000Cameron Diaz, Lucy LiuCharlie's Angels
75%
1999Tom Hanks, Michael Clarke DuncanThe Green Mile
75%
2005Martin Freeman, Zooey DeschanelThe Hitchhiker's Guide to the Galaxy
75%
2010Robert Downey Jr., Mickey RourkeIron Man 2
50%
2019Thomasin McKenzie, Scarlett JohanssonJojo Rabbit
50%
2015Anna Kendrick, Tim RothMr. Right
50%
2018Christian Bale, Amy AdamsVice
50%
2009Kevin Spacey, Benedict WongMoon
25%
2012Colin Farrell, Christopher WalkenSeven Psychopaths
25%
2023Bryan Cranston, Bryce Dallas HowardArgylle
0%
2002Drew Barrymore, George ClooneyConfessions of a Dangerous Mind
0%
2009Penelope Cruz, Zach GalifianakisG-Force
0%
2003Nicolas Cage, Jenny O'HaraMatchstick Men
0%
2019Jon Hamm, Olivia WildeRichard Jewell
0%

Score Distribution

Percentile by Number Answered

Percent of People with Each Score

Your Score History

You have not taken this quiz